000 01103aam a2200409a 44500
008 931029s1993 cat
017 _aL-1615-1992
020 _a8447700771
041 _acat
041 _beng
041 _bspa
080 _a159.964.2(038)
100 _aCallicó i Cantalejo, Glòria
_961461
245 _aVocabulari de psicoanàlisi
245 _cGlòria Callicó i Cantalejo
260 _aBarcelona
260 _bPromociones y Publicaciones Universitarias
260 _c1993
300 _a164 p.
_c24 cm.
490 _aLetras, Ciencias, Técnica;
_v59
500 _aArbre de camp, categoria gramatical, sinònims
500 _aÍndexs: p. 114. Bibliografia: p. 163-164
500 _btermcat
520 _a404
546 _acatalà
591 _a3873
592 _aObra terminològica
593 _aRA
594 _a3873
650 _apsicoanàlisi
_961463
830 _aLetras, Ciencias, Técnica;
_v59
_961462
901 _c<1993>
902 _a931029
942 _cMO
_n0
999 _c51390
_d51390